Delivering e-planning (Record no. 117319)

MARC details
000 -LEADER
fixed length control field 00854cam a2200229 4500
001 - CONTROL NUMBER
control field ABS67759
008 - FIXED-LENGTH DATA ELEMENTS--GENERAL INFORMATION
fixed length control field 040507n2004 000 0 eng u
035 ## - SYSTEM CONTROL NUMBER
System control number (Sirsi) u126135
100 ## - MAIN ENTRY--PERSONAL NAME
Personal name Morphet, J.
245 ## - TITLE STATEMENT
Title Delivering e-planning
260 ## - PUBLICATION, DISTRIBUTION, ETC.
Date of publication, distribution, etc. 2004
490 ## - SERIES STATEMENT
Series statement Town and Country Planning
Volume/sequential designation April 2004, 128-130(3)
520 ## - SUMMARY, ETC.
Summary, etc. Examines the financial support programmes available to help local authorities implement e-planning by the target date of 31 December 2005. These include the ODPM's Local Government On-line Programme, the Planning Delivery Grant, Planning and Regulatory Services and Planning and Regulatory Services On-line.
590 ## - LOCAL NOTE (RLIN)
Local note ABS
590 ## - LOCAL NOTE (RLIN)
Local note ABS
650 ## - SUBJECT ADDED ENTRY--TOPICAL TERM
Topical term or geographic name entry element EPLANNING
650 ## - SUBJECT ADDED ENTRY--TOPICAL TERM
Topical term or geographic name entry element PLANNING SYSTEM
650 ## - SUBJECT ADDED ENTRY--TOPICAL TERM
Topical term or geographic name entry element PLANNING REFORM
650 ## - SUBJECT ADDED ENTRY--TOPICAL TERM
Topical term or geographic name entry element PLANNING PORTAL
690 ## - LOCAL SUBJECT ADDED ENTRY--TOPICAL TERM (OCLC, RLIN)
Topical term or geographic name as entry element PLANNING-PRACTICE
942 ## - ADDED ENTRY ELEMENTS (KOHA)
Suppress in OPAC 0
Holdings
Withdrawn status Lost status Source of classification or shelving scheme Damaged status Not for loan Home library Current library Shelving location Date acquired Total Checkouts Full call number Barcode Date last seen Copy number Price effective from Koha item type
    Dewey Decimal Classification     London London Journal article 07/05/2004   ABS67759 126135-1001 06/08/2019 1 06/08/2019 Journal article